Šalys Arčiausiai Lietuvoje - Statistics

General Stats
  • This quiz has been taken 26 times
  • The average score is 15 of 20
Answer Stats
km šalis % Correct
0 Latvija
100%
0 Rusija
100%
565 Čekija
92%
152 Estija
92%
0 Lenkija
92%
0 Baltarusija
83%
645 Norvegija
83%
517 Slovakija
83%
378 Suomija
83%
368 Danija
75%
195 Švedija
75%
221 Ukraina
75%
743 Austrija
67%
620 Vengrija
58%
458 Vokietija
58%
920 Nyderlandai
50%
647 Rumunija
50%
940 Slovėnija
50%
632 Moldova
42%
898 Serbija
42%
No matching quizzes found
Score Distribution
Percent of People with Each Score
Percentile by Number Answered
Your Score History
You have not taken this quiz